[Четиридесет и осем-те] 48-те закона на властта (Запис номер 416751)
[ съкратено ]
| 000 -Лидер | |
|---|---|
| Контролно поле с фиксирана дължина | 01736nam a2200373 c 4500 |
| 003 - Код на организацията, давaща контролен номер | |
| Контролно поле | BLK |
| 005 - Дата и час на последна редакция | |
| Контролно поле | 20250310165435.0 |
| 008 - Елементи от данни с фиксирана дължина | |
| fixed length control field | 180408b bul|||||r ||||||| ||bul|| |
| 010 ## - Наследен системен номер | |
| LC control number | KNG00036527000 |
| 020 ## - Международен стандартен номер на книга ISBN | |
| Международен стандартен номер на книга ISBN | 9789542804468 |
| 040 ## - Източник на каталожния запис | |
| Идентификатор на билиотеката - собственик на записа | BLK |
| 041 ## - Код за език | |
| Код за езика на текст/звукозапис или на отделно заглавие | Български |
| Код за езика КДБФ | Български |
| 080 ## - УДК | |
| Текстов определител УДК | Форми на политическа организация. Държавите като политически сили. Вж и 308 ; 342 |
| УДК код - определител по УДК | 321 |
| УДК определител | .011:316.6 |
| УДК - код + определител | 321.011:316.6 |
| 100 1# - Редна дума - Автор | |
| Автор | Грийн, Робърт |
| Авторска отговорност | първи автор |
| R(LIN) | 273272 |
| 139 ## - Редно поле | |
| Редна дума | Грийн, Робърт |
| Авторски знак | Григ - Г 82 |
| 245 10 - Сведения за заглавието | |
| Заглавие | [Четиридесет и осем-те] 48-те закона на властта |
| Подзаглавни данни | Ако искате да сте Героят на Историята |
| Редно поле (дума) | Робърт Грийн; прев. от англ. Стамен Стойчев; прев. от англ. Диана Кутева. |
| 257 ## - Страна на издаване | |
| Страна на създаване/издаване | Съединени американски щати |
| 260 ## - Област на издателските данни | |
| Име на издателя, разпространителя и проч. | Сиела Софт енд Паблишинг |
| Година на издаване | 2014 |
| Място на издаване, разпространение и проч. | София |
| 300 ## - Физическа характеристика | |
| Страници | 776 с. |
| Размери/Мащаб | 21 см |
| 380 ## - Жанр | |
| Жанр | Обществени науки |
| 490 1# - СЕРИИ (Колекции) | |
| Име на серия | Поредица Войни и власт |
| 500 ## - Общи забележки | |
| Забележка | Ориг. загл. The 48 Laws of Power / Robert Greene. - Библиогр. с. 772-774 ; Именен показалец с речник. |
| 504 ## - Забележка за наличие на библиография и др | |
| Забележка за наличие на библиография и под. | 772-774 |
| 650 #4 - Допълнително описание по предмет – тема | |
| Основно описание – тема или топоним | Власт - социалнопсихологични проблеми |
| 9 (RLIN) | 273273 |
| 653 ## - Ключова дума – ненормативна | |
| Ключова дума | власт |
| 700 1# - Други автори (авторска отговорност) | |
| Лично име | Стойчев, Стамен |
| Автороска отговорност (Описва отношението между автора и произведението) | прев. от англ. |
| 9 (RLIN) | 364220 |
| 700 1# - Други автори (авторска отговорност) | |
| Лично име | Кутева, Диана |
| Автороска отговорност (Описва отношението между автора и произведението) | прев. от англ. |
| 9 (RLIN) | 364219 |
| 856 4# - Електронен адрес и достъп | |
| Електронен формат | pdf - файл |
| 856 4# - Електронен адрес и достъп | |
| Електронен формат | pdf - файл |
| 999 ## - СИСТЕМНИ КОНТРОЛНИ НОМЕРА | |
| Koha biblionumber | 416751 |
| Koha biblioitemnumber | 416751 |
| 942 ## - АРТИКУЛИ | |
| Вид на библиотечния материал | Книги |
| Скрит в OPAC | Не |
| Koha issues (borrowed), all copies | 26 |
| Периодичен библиозапис | Да |
| 944 ## - СЪЗДАВАНЕ И РЕДАКЦИЯ на ЗАПИСА | |
| Създаване/Редакция | Създаване |
| Дата на регистрацията/редакция | 15.01.2003 |
| Служител, извършил регистрацията/редакцията | 30576 |
| Статус, дата на статуса | Цветомила Тодорова |
| 944 ## - СЪЗДАВАНЕ И РЕДАКЦИЯ на ЗАПИСА | |
| Създаване/Редакция | Редакция |
| Дата на регистрацията/редакция | 18.01.2012 |
| 999 ## - СИСТЕМНИ КОНТРОЛНИ НОМЕРА | |
| Koha biblioitemnumber | 33834 |
| Код за отписване | Код за изгубен артикул | Източник на класификационната схема | Код за повреда | Коз за рестрикции | Код за отдаване | Артикулен № | Име на библиотеката - собственик | Име на библиотеката, в която се намира в момента | Статус (Текущо местоположение) | Дата на вписване в системата | Местоположение - отдел | Цена в лева | Систематично азбучна сигнатура | Баркод | Цена в евро | Служебен тип на артикула |
|---|---|---|---|---|---|---|---|---|---|---|---|---|---|---|---|---|
| Не е изгубен | Universal Decimal Classification | Не е повреден | без рестрикции | заемане за дома | 833468 | Регионална библиотека "Любен Каравелов" Русе | Регионална библиотека "Любен Каравелов" Русе | Заемна - подръчен фонд | 2021-05-31 | Заемна - подръчен фонд | 24.00 | 32/Г 82 Р | 120000855371 | 12.27 | Книги |